La vida afectiva de los grupos (Record no. 113920)

MARC details
000 -LEADER
campo de control de longitud fija 00668nam a2200193 4500
001 - NÚMERO DE CONTROL
campo de control 113920
003 - IDENTIFICADOR DE NÚMERO DE CONTROL
campo de control ES-MaACL
005 - FECHA Y HORA DE LA ÚLTIMA TRANSACCIÓN
campo de control 20230906190032.0
007 - CAMPO FIJO DE DESCRIPCIÓN FÍSICA--INFORMACIÓN GENERAL
campo de control de longitud fija t|
008 - DATOS DE LONGITUD FIJA--INFORMACIÓN GENERAL
campo de control de longitud fija 061121s1977 sp r ||||1| spa d
100 1# - ENTRADA PRINCIPAL--NOMBRE DE PERSONA
Nombre de persona Pagés, Max.
9 (RLIN) 88281
245 13 - MENCIÓN DEL TÍTULO
Título La vida afectiva de los grupos
Resto del título : esbozo de una teoría de la relación humana /
Mención de responsabilidad, etc. Max Pagés ; [traducido por Francisco Torrens, Javier Garagorri y Amadeo Mourabá].
260 ## - PUBLICACIÓN, DISTRIBUCIÓN, ETC.
Lugar de publicación, distribución, etc. Barcelona :
Nombre del editor, distribuidor, etc. Fontanella,
Fecha de publicación, distribución, etc. 1977.
300 ## - DESCRIPCIÓN FÍSICA
Extensión 619 p. ;
Dimensiones 22 cm.
700 1# - ENTRADA AGREGADA--NOMBRE PERSONAL
Nombre de persona Torrens, Francisco.
9 (RLIN) 110824
700 1# - ENTRADA AGREGADA--NOMBRE PERSONAL
Nombre de persona Garagorri, Javier.
9 (RLIN) 53910
700 1# - ENTRADA AGREGADA--NOMBRE PERSONAL
Nombre de persona Mourabá, Amadeo.
9 (RLIN) 83882
852 ## - LOCALIZACIÓN
Ubicación ES-MaACL
Número de control de estantería A-6711
Sublocalización o colección R.95819
Holdings
Estatus retirado Estado de pérdida Estado de daño No para préstamo Biblioteca de origen Biblioteca actual Ubicación en estantería Fecha de adquisición Fuente de adquisición Total de préstamos Signatura topográfica completa Código de barras Visto por última vez Precio de reemplazo Tipo de ítem Koha
        Biblioteca del Ateneo de Madrid Biblioteca del Ateneo de Madrid Sala Pecera Planta 1 17/01/2008     A-6711 1118808 23/02/2023 23/02/2023 Libro impreso